[Event "Sao Paulo Ataque Duplo op"]
[Site "Sao Paulo"]
[Date "2024.08.17"]
[Round "5"]
[White "Akamine, Giullia Hikari Nish"]
[Black "Nobre, Jailson Altair Barb"]
[Result "0-1"]
[WhiteElo "1463"]
[BlackElo "1695"]
[PlyCount "97"]
[EventDate "2024.08.17"]
[EventType "swiss"]
[EventRounds "5"]
[EventCountry "BRA"]
[SourceTitle "CBM 221 Extra"]
[Source "ChessBase"]
[SourceDate "2024.09.30"]
[SourceVersion "1"]
[SourceVersionDate "2024.09.30"]
[SourceQuality "1"]

1. e4 c5 2. Nf3 e6 3. c3 d5 4. e5 Nc6 5. d4 cxd4 6. cxd4 a6 7. Be2 Nge7 8. 0-0 Qb6 9. a3 Nf5 10. b4 Nfxd4 11. Bb2 Nxe2+ 12. Qxe2 Be7 13. Rd1 0-0 14. Nd4 Nxd4 15. Bxd4 Qc7 16. Qg4 Bd7 17. Nc3 Rac8 18. Ne2 Qc2 19. Nf4 g6 20. Nh5 Qf5 21. Nf6+ Bxf6 22. Qxf5 exf5 23. exf6 Be6 24. Rac1 Rc4 25. Rxc4 dxc4 26. Bc3 h5 27. h4 Rc8 28. Rd4 Kf8 29. f3 Ke8 30. g4 fxg4 31. fxg4 Bxg4 32. Re4+ Be6 33. Kg2 Rd8 34. Kg3 Rd3+ 35. Kf4 Rxc3 36. a4 Rc1 37. b5 Rf1+ 38. Kg5 Rf5+ 39. Kh6 Rxf6 40. Kg7 Rf5 41. bxa6 bxa6 42. Re1 Rc5 43. Rb1 c3 44. Rb8+ Rc8 45. Rb6 c2 46. a5 c1Q 47. Rxe6+ fxe6 48. Kh7 Rc7+ 49. Kg8 0-1

[Event "Sao Paulo Ataque Duplo op"]
[Site "Sao Paulo"]
[Date "2024.08.17"]
[Round "2"]
[White "Nobre, Jailson Altair Barb"]
[Black "Correia da Silva, Gabriel Medeiros"]
[Result "0-1"]
[WhiteElo "1695"]
[BlackElo "1568"]
[PlyCount "117"]
[EventDate "2024.08.17"]
[EventType "swiss"]
[EventRounds "5"]
[EventCountry "BRA"]
[SourceTitle "CBM 221 Extra"]
[Source "ChessBase"]
[SourceDate "2024.09.30"]
[SourceVersion "1"]
[SourceVersionDate "2024.09.30"]
[SourceQuality "1"]

1. Nf3 d5 2. c4 d4 3. d3 c5 4. g3 Nf6 5. Bg2 e6 6. Nbd2 Be7 7. 0-0 0-0 8. a3 Nbd7 9. Rb1 Rb8 10. b4 b6 11. b5 Bb7 12. a4 Re8 13. Nb3 Bd6 14. Bd2 e5 15. a5 e4 16. Ng5 exd3 17. exd3 Bxg2 18. Kxg2 h6 19. Nf3 Ne5 20. Nxe5 Bxe5 21. axb6 axb6 22. Ra1 Ra8 23. Qf3 Bc7 24. Qc6 Rxa1 25. Rxa1 Ng4 26. Ra7 Re7 27. Ra8 Bb8 28. Bf4 Ne5 29. Bxe5 Rxe5 30. Qb7 Re8 31. Nd2 Kf8 32. Nf3 Qc7 33. Qxc7 Bxc7 34. Ra7 Bd8 35. h4 g6 36. g4 Kg7 37. g5 hxg5 38. Nxg5 Bxg5 39. hxg5 Re6 40. Rc7 Kf8 41. Rc6 Rxc6 42. bxc6 Ke7 43. Kf3 Kd6 44. c7 Kxc7 45. Ke4 Kd6 46. f3 Ke6 47. f4 f6 48. gxf6 Kxf6 49. Kd5 Kf5 50. Kc6 Kxf4 51. Kxb6 g5 52. Kxc5 g4 53. Kd6 g3 54. c5 g2 55. c6 g1Q 56. c7 Qc1 57. Kd7 Ke3 58. c8Q Qxc8+ 59. Kxc8 0-1

[Event "BRA-ch Amateurs U2000"]
[Site "Sao Paulo"]
[Date "2024.05.30"]
[Round "1"]
[White "El Zwei, Aiman Mohamed"]
[Black "Nobre, Jailson Altair Barb"]
[Result "1-0"]
[WhiteElo "1832"]
[BlackElo "1719"]
[PlyCount "60"]
[EventDate "2024.05.30"]
[EventType "swiss"]
[EventRounds "7"]
[EventCountry "BRA"]
[SourceTitle "CBM 220 Extra"]
[Source "ChessBase"]
[SourceDate "2024.07.31"]
[SourceVersion "1"]
[SourceVersionDate "2024.07.31"]
[SourceQuality "1"]

1. e4 c5 2. Nf3 e6 3. d4 cxd4 4. Nxd4 a6 5. Bd3 Nf6 6. c4 Qc7 7. Nc3 Bb4 8. 0-0 Bxc3 9. bxc3 d6 10. Ba3 0-0 11. e5 dxe5 12. Bxf8 exd4 13. Ba3 dxc3 14. Qc2 Qa5 15. Be7 Nbd7 16. Rac1 h6 17. Qxc3 Qc7 18. Qa3 Qe5 19. Bd6 Qg5 20. c5 Ne5 21. f4 Qh4 22. Bxe5 Ng4 23. h3 Nxe5 24. fxe5 Qd4+ 25. Kh1 Qxe5 26. Qc3 Qc7 27. c6 b5 28. Qd4 e5 29. Qc5 Be6 30. Bf5 Bxa2 1-0

[Event "BRA-ch Amateurs U2000"]
[Site "Sao Paulo"]
[Date "2024.05.30"]
[Round "2"]
[White "Nobre, Jailson Altair Barb"]
[Black "Ribeiro, Thiago Liberato"]
[Result "0-1"]
[WhiteElo "1719"]
[BlackElo "1773"]
[PlyCount "64"]
[EventDate "2024.05.30"]
[EventType "swiss"]
[EventRounds "7"]
[EventCountry "BRA"]
[SourceTitle "CBM 220 Extra"]
[Source "ChessBase"]
[SourceDate "2024.07.31"]
[SourceVersion "1"]
[SourceVersionDate "2024.07.31"]
[SourceQuality "1"]

1. Nf3 c5 2. c4 Nc6 3. g3 e6 4. Bg2 Nf6 5. b3 d5 6. cxd5 exd5 7. d4 Be6 8. Bb2 Be7 9. 0-0 0-0 10. e3 Rc8 11. Nbd2 b6 12. a3 Qd7 13. dxc5 bxc5 14. Rc1 h6 15. Ne5 Nxe5 16. Bxe5 Rfd8 17. Qc2 Qb5 18. Rfd1 d4 19. Nc4 dxe3 20. fxe3 Ng4 21. Rxd8+ Rxd8 22. Qc3 Nxe5 23. Qxe5 Qxb3 24. Bf1 Bg5 25. Kf2 Rd5 26. Qc7 Rf5+ 27. Kg2 Rxf1 28. Rxf1 Qxc4 29. Qxa7 Bh3+ 30. Kxh3 Qxf1+ 31. Kg4 f5+ 32. Kh5 Kh7 0-1

[Event "Sao Paulo Pascoa op"]
[Site "Sao Paulo"]
[Date "2024.03.31"]
[Round "6"]
[White "Nobre, Jailson Altair Barb"]
[Black "Ishikawa, Emilio Keiji"]
[Result "1-0"]
[WhiteElo "1708"]
[BlackElo "1830"]
[PlyCount "143"]
[EventDate "2024.03.29"]
[EventType "swiss"]
[EventRounds "6"]
[EventCountry "BRA"]
[SourceTitle "CBM 219 Extra"]
[Source "ChessBase"]
[SourceDate "2024.05.31"]
[SourceVersion "1"]
[SourceVersionDate "2024.05.31"]
[SourceQuality "1"]

1. Nf3 g6 2. c4 Bg7 3. g3 c5 4. Bg2 Nc6 5. Nc3 e6 6. b3 Nge7 7. Bb2 d5 8. 0-0 0-0 9. d3 d4 10. Ne4 b6 11. a3 e5 12. Qc2 h6 13. Ned2 Rb8 14. Rac1 Nf5 15. Nh4 Nxh4 16. Bxc6 Nf5 17. Bg2 Bb7 18. Ne4 Ne7 19. b4 f5 20. Nd2 Bxg2 21. Kxg2 Qc7 22. bxc5 bxc5 23. Rb1 g5 24. Qa4 Rb7 25. Ba1 Rfb8 26. Kg1 Rxb1 27. Rxb1 Rxb1+ 28. Nxb1 e4 29. Qb5 exd3 30. exd3 Qe5 31. Kf1 Qc7 32. Nd2 Kh7 33. Nb3 f4 34. Nxc5 fxg3 35. hxg3 Qc8 36. Kg2 g4 37. Nb3 Qa8+ 38. Kg1 a6 39. Qd7 Qf8 40. Qxg4 Ng6 41. Bxd4 Bxd4 42. Nxd4 Qxa3 43. Qe4 Qd6 44. Nf5 Qf6 45. Nh4 a5 46. Qxg6+ Qxg6 47. Nxg6 Kxg6 48. c5 a4 49. c6 a3 50. c7 a2 51. c8Q a1Q+ 52. Kg2 Qa7 53. Qe6+ Kh7 54. d4 Qxd4 55. Qf7+ Kh8 56. Qb7 Qd3 57. Qc6 Kh7 58. f3 Qe2+ 59. Kh3 Qf1+ 60. Kg4 Qa1 61. Qd7+ Kg6 62. Qe6+ Kg7 63. Kf5 Qb1+ 64. Qe4 Qc1 65. Qe7+ Kg8 66. f4 Qc2+ 67. Qe4 Qc5+ 68. Kf6 Qd6+ 69. Qe6+ Qxe6+ 70. Kxe6 Kf8 71. g4 Ke8 72. Kf6 1-0

[Event "Araraquara op 2nd"]
[Site "Araraquara"]
[Date "2024.02.12"]
[Round "5"]
[White "Rodrigues, Julliano de Araujo"]
[Black "Nobre, Jailson Altair Barb"]
[Result "1/2-1/2"]
[WhiteElo "1749"]
[BlackElo "1482"]
[PlyCount "133"]
[EventDate "2024.02.10"]
[EventType "swiss"]
[EventRounds "7"]
[EventCountry "BRA"]
[SourceTitle "CBM 218 Extra"]
[Source "ChessBase"]
[SourceDate "2024.03.31"]
[SourceVersion "1"]
[SourceVersionDate "2024.03.31"]
[SourceQuality "1"]

1. e4 c5 2. Nf3 e6 3. d4 cxd4 4. Nxd4 a6 5. Bd3 Nf6 6. 0-0 Qc7 7. Qe2 d6 8. f4 Nbd7 9. c4 Be7 10. Nc3 0-0 11. Kh1 b6 12. Bd2 Bb7 13. f5 e5 14. Nb3 Rac8 15. Rf2 Nc5 16. Nxc5 dxc5 17. a4 Rcd8 18. g4 h6 19. Nd5 Bxd5 20. exd5 Rfe8 21. Be4 Nh7 22. Bc3 Bg5 23. a5 b5 24. cxb5 axb5 25. Qxb5 Rb8 26. Qc4 Be3 27. Re2 Bd4 28. a6 Qa7 29. Ra3 Nf6 30. h3 Nxe4 31. Rxe4 Kf8 32. Re2 Red8 33. Bxd4 exd4 34. Rc2 Re8 35. Qxc5+ Qxc5 36. Rxc5 Rxb2 37. Ra1 d3 38. a7 Ra8 39. d6 Ke8 40. Rd5 d2 41. Kg1 Rc2 42. Rd1 Rxa7 43. Re5+ Kd8 44. Kf1 Ra6 45. Re7 Rxd6 46. Rxf7 Rd3 47. Ke2 Rxh3 48. Rxd2+ Rxd2+ 49. Kxd2 h5 50. Rxg7 hxg4 51. Rxg4 Rf3 52. Rg5 Ke7 53. Ke2 Rf4 54. Ke3 Rf1 55. Ke4 Kf7 56. Rg3 Ra1 57. Rg6 Ra5 58. Rb6 Ra1 59. Rb7+ Kf6 60. Rb6+ Kf7 61. Ke5 Re1+ 62. Kf4 Rf1+ 63. Ke4 Re1+ 64. Kd3 Rf1 65. Ke4 Re1+ 66. Kd3 Rf1 67. Ke4 1/2-1/2

[Event "Florianopolis op 10th"]
[Site "Florianopolis"]
[Date "2024.01.27"]
[Round "7"]
[White "Leith Acosta, Marcelo Alejandro"]
[Black "Nobre, Jailson Altair Barb"]
[Result "1/2-1/2"]
[WhiteElo "1110"]
[BlackElo "1512"]
[PlyCount "111"]
[EventDate "2024.01.20"]
[EventType "swiss"]
[EventRounds "10"]
[EventCountry "BRA"]
[SourceTitle "EXT 2025"]
[Source "ChessBase"]
[SourceDate "2024.10.14"]
[SourceVersion "1"]
[SourceVersionDate "2024.10.14"]
[SourceQuality "1"]

1. d4 Nf6 2. Nf3 e6 3. e3 d5 4. Bd3 Nbd7 5. c3 c5 6. Nbd2 Bd6 7. 0-0 0-0 8. b3 cxd4 9. exd4 Qc7 10. Bb2 g6 11. c4 dxc4 12. Nxc4 h6 13. Rc1 Bf4 14. Rc2 Qd8 15. Ba3 Re8 16. Nd6 Bxd6 17. Bxd6 Nd5 18. Ba3 N7f6 19. Ne5 Qa5 20. Nc4 Qd8 21. Nd6 Bd7 22. Nxe8 Bxe8 23. Be2 Bc6 24. Bf3 Qa5 25. Bd6 Nc3 26. Qe1 Nfd5 27. Bxd5 Qxd5 28. f3 Qxd4+ 29. Qf2 Qxd6 30. Rxc3 Rd8 31. Rcc1 Bb5 32. Rfe1 Bc6 33. h3 Kf8 34. Rcd1 Qc7 35. Rxd8+ Qxd8 36. Qc5+ Kg8 37. Qf2 Qd6 38. Qe2 Qg3 39. Rd1 Bd5 40. Rc1 Kf8 41. Qf2 Qe5 42. Qc5+ Kg7 43. Qc3 Qxc3 44. Rxc3 h5 45. Kf2 h4 46. g3 hxg3+ 47. Kxg3 g5 48. f4 Kg6 49. fxg5 Kxg5 50. Re3 f5 51. h4+ Kh5 52. Rc3 Bc6 53. Rc2 Be4 54. Rc1 Kh6 55. Kf4 Bd5 56. Rg1 1/2-1/2

[Event "Niteroi op 3rd"]
[Site "Niteroi"]
[Date "2023.09.10"]
[Round "9"]
[White "Pereira, Armando Scharlau"]
[Black "Nobre, Jailson Altair Barb"]
[Result "1/2-1/2"]
[WhiteElo "1586"]
[BlackElo "1592"]
[PlyCount "92"]
[EventDate "2023.09.04"]
[EventType "swiss"]
[EventRounds "9"]
[EventCountry "BRA"]
[SourceTitle "EXT 2024"]
[Source "ChessBase"]
[SourceDate "2023.10.10"]
[SourceVersion "1"]
[SourceVersionDate "2023.10.10"]
[SourceQuality "1"]

1. Nf3 c5 2. e4 e6 3. b3 d6 4. d4 cxd4 5. Nxd4 a6 6. Bb2 Nf6 7. Nd2 Be7 8. Bd3 0-0 9. 0-0 Nc6 10. Nxc6 bxc6 11. e5 dxe5 12. Bxe5 Bd6 13. Bb2 e5 14. h3 Re8 15. Re1 h6 16. Ne4 Bc7 17. Qf3 Nd5 18. Ng3 Bb7 19. Rad1 Qf6 20. Qe4 g6 21. c4 Nf4 22. c5 Rad8 23. Bc4 Rxd1 24. Rxd1 Qe7 25. b4 h5 26. Bc1 Nd5 27. a3 a5 28. Ne2 axb4 29. axb4 Ra8 30. Qc2 Rd8 31. Re1 Qf6 32. Qb3 Bc8 33. Ng3 Bf5 34. b5 Nf4 35. b6 Bb8 36. Ne4 Bxe4 37. Rxe4 Qf5 38. f3 Rd4 39. Bxf4 Rxe4 40. fxe4 Qxf4 41. Qd3 Qc1+ 42. Kh2 Qf4+ 43. Kg1 Qc1+ 44. Kf2 Qb2+ 45. Kg3 Qd4 46. Qxd4 exd4+ 1/2-1/2

[Event "Sao Paulo op"]
[Site "Sao Paulo"]
[Date "2023.06.25"]
[Round "6"]
[White "Nobre, Jailson Altair Barb"]
[Black "De Souza, Victoria Hiorrana d"]
[Result "1-0"]
[WhiteElo "1594"]
[BlackElo "1756"]
[PlyCount "79"]
[EventDate "2023.06.23"]
[EventType "swiss"]
[EventRounds "6"]
[EventCountry "BRA"]
[SourceTitle "CBM 214 Extra"]
[Source "ChessBase"]
[SourceDate "2023.07.31"]
[SourceVersion "1"]
[SourceVersionDate "2023.07.31"]
[SourceQuality "1"]

1. Nf3 d5 2. c4 Nf6 3. g3 Bg4 4. Bg2 e6 5. b3 Nc6 6. Bb2 Bd6 7. 0-0 0-0 8. d3 Bxf3 9. Bxf3 Ne5 10. Bg2 c6 11. Nd2 Qb6 12. d4 Neg4 13. c5 Bxc5 14. dxc5 Qxc5 15. h3 Nh6 16. Bxf6 gxf6 17. Rc1 Qa5 18. Qc2 e5 19. e4 d4 20. Nc4 Qb4 21. a3 Qe7 22. Qd2 Kg7 23. f4 Rad8 24. fxe5 fxe5 25. Qe2 Qg5 26. Qf3 f5 27. Nxe5 fxe4 28. Qxe4 Rde8 29. Rc5 d3 30. Rxf8 Rxf8 31. Nxd3 Qd8 32. Qe5+ Rf6 33. Qg5+ Kf7 34. Ne5+ Ke6 35. Nxc6 bxc6 36. Rxc6+ Kf7 37. Bd5+ Ke8 38. Qxf6 Qxf6 39. Rxf6 Ng8 40. Bxg8 1-0

[Event "Sao Paulo op"]
[Site "Sao Paulo"]
[Date "2023.06.24"]
[Round "3"]
[White "Nobre, Jailson Altair Barb"]
[Black "Trindade, Renan"]
[Result "1-0"]
[WhiteElo "1594"]
[BlackElo "1773"]
[PlyCount "61"]
[EventDate "2023.06.23"]
[EventType "swiss"]
[EventRounds "6"]
[EventCountry "BRA"]
[SourceTitle "CBM 214 Extra"]
[Source "ChessBase"]
[SourceDate "2023.07.31"]
[SourceVersion "1"]
[SourceVersionDate "2023.07.31"]
[SourceQuality "1"]

1. Nf3 Nc6 2. c4 e5 3. d3 Bc5 4. g3 Nf6 5. Bg2 h6 6. 0-0 0-0 7. Nc3 d6 8. Bd2 Bf5 9. a3 Qd7 10. e4 Bh3 11. b4 Bd4 12. Rb1 Bg4 13. Qc2 Bxf3 14. Bxf3 Rfe8 15. b5 Ne7 16. Bg2 c6 17. Rb3 Rad8 18. Qb1 c5 19. Ne2 Ng6 20. Nxd4 exd4 21. a4 Ne5 22. h3 Qe6 23. f4 Ned7 24. Kh2 Re7 25. f5 Ng4+ 26. hxg4 Qf6 27. Qc1 d5 28. g5 Qd6 29. gxh6 gxh6 30. Bxh6 dxc4 31. Qg5+ 1-0

[Event "Araraquara op"]
[Site "Araraquara"]
[Date "2023.02.21"]
[Round "6.30"]
[White "Morioka, Felipe Yukio"]
[Black "Nobre, Jailson Altair Barb"]
[Result "1/2-1/2"]
[WhiteElo "1800"]
[BlackElo "1644"]
[PlyCount "65"]
[EventDate "2023.02.19"]
[EventType "swiss"]
[EventRounds "6"]
[EventCountry "BRA"]
[SourceTitle "CBM 213 Extra"]
[Source "ChessBase"]
[SourceDate "2023.05.31"]
[SourceVersion "1"]
[SourceVersionDate "2023.05.31"]
[SourceQuality "1"]

1. e4 c5 2. Nf3 e6 3. d4 cxd4 4. Nxd4 a6 5. Nc3 Qc7 6. Bd3 Nf6 7. 0-0 Nc6 8. Nxc6 bxc6 9. Bg5 Be7 10. Qe2 e5 11. Kh1 0-0 12. f4 h6 13. Bh4 d6 14. f5 Bb7 15. Rad1 d5 16. exd5 cxd5 17. Bg3 Bd6 18. Bh4 e4 19. Bxf6 gxf6 20. Qg4+ Kh7 21. Be2 Rg8 22. Qh4 Rg5 23. Nxd5 Bxd5 24. Rxd5 Rag8 25. Rg1 Qxc2 26. Rxd6 Qxe2 27. Rxf6 h5 28. Rxf7+ Kh8 29. Qh3 Qxb2 30. Qb3 Rxg2 31. Qxb2+ Rxb2 32. Rxg8+ Kxg8 33. Re7 1/2-1/2

[Event "Araraquara op"]
[Site "Araraquara"]
[Date "2023.02.21"]
[Round "5.35"]
[White "Nobre, Jailson Altair Barb"]
[Black "Da Silva, Wanderlei Jose"]
[Result "1/2-1/2"]
[WhiteElo "1644"]
[BlackElo "1795"]
[PlyCount "98"]
[EventDate "2023.02.19"]
[EventType "swiss"]
[EventRounds "6"]
[EventCountry "BRA"]
[SourceTitle "CBM 213 Extra"]
[Source "ChessBase"]
[SourceDate "2023.05.31"]
[SourceVersion "1"]
[SourceVersionDate "2023.05.31"]
[SourceQuality "1"]

1. Nf3 d5 2. c4 d4 3. e3 dxe3 4. fxe3 Nf6 5. Be2 g6 6. d4 Bf5 7. 0-0 Bg7 8. Nc3 0-0 9. Qb3 Qc8 10. Ne5 c6 11. Bd3 Bxd3 12. Nxd3 Nbd7 13. Bd2 Re8 14. e4 e5 15. d5 cxd5 16. cxd5 Nc5 17. Nxc5 Qxc5+ 18. Kh1 Qd4 19. Rad1 Ng4 20. Be1 Qb6 21. Qxb6 axb6 22. Bf2 Nxf2+ 23. Rxf2 Red8 24. Rdf1 Rd7 25. Kg1 Bf8 26. Rf3 Bc5+ 27. Kh1 Bd4 28. a3 Bxc3 29. Rxc3 Rad8 30. Rf6 Rd6 31. Rxd6 Rxd6 32. Rc7 f5 33. exf5 Rxd5 34. g4 gxf5 35. gxf5 e4 36. Rxb7 Rd1+ 37. Kg2 Rd2+ 38. Kg3 Rxb2 39. Kf4 e3 40. Kxe3 Rxh2 41. Kf4 Ra2 42. Ke5 Rxa3 43. Kf6 Ra8 44. Rxb6 Rf8+ 45. Kg5 Kg7 46. f6+ Kg8 47. Rb7 Rf7 48. Rb8+ Rf8 49. Rb1 Kf7 1/2-1/2

[Event "Sao Paulo Hebraica op 30th"]
[Site "Sao Paulo"]
[Date "2023.02.11"]
[Round "4"]
[White "Nobre, Jailson Altair Barb"]
[Black "Fernandes, Beatriz"]
[Result "0-1"]
[WhiteElo "1644"]
[BlackElo "1404"]
[PlyCount "116"]
[EventDate "2023.02.10"]
[EventType "swiss"]
[EventRounds "7"]
[EventCountry "BRA"]
[SourceTitle "CBM 212 Extra"]
[Source "ChessBase"]
[SourceDate "2023.03.31"]
[SourceVersion "1"]
[SourceVersionDate "2023.03.31"]
[SourceQuality "1"]

1. Nf3 Nf6 2. c4 g6 3. b4 Bg7 4. Bb2 b6 5. g3 Bb7 6. Bg2 d6 7. d3 Nbd7 8. Nbd2 c5 9. b5 a6 10. 0-0 0-0 11. Qc2 axb5 12. cxb5 Qc7 13. Nc4 e5 14. e4 Rfe8 15. Ne3 d5 16. exd5 Nxd5 17. Nxd5 Bxd5 18. a4 Qb7 19. Nh4 Rac8 20. Bxd5 Qxd5 21. Qc4 Nf6 22. Ng2 e4 23. Bxf6 Qxc4 24. dxc4 Bxf6 25. Ra2 Bc3 26. Ne3 Ba5 27. Nd5 Re6 28. Re2 f5 29. f3 Kg7 30. fxe4 fxe4 31. Rf4 e3 32. Rxe3 Rxe3 33. Nxe3 Re8 34. Nd5 Re1+ 35. Rf1 Re4 36. Rf4 Re1+ 37. Kg2 Ra1 38. Kf3 Ra3+ 39. Ke4 Rxa4 40. Ke5 Ra2 41. Kd6 Re2 42. Ne7 Rxh2 43. Nc6 Be1 44. Ke6 Re2+ 45. Kd7 Bxg3 46. Rg4 Re3 47. Ne7 Kf7 48. Nd5 Rd3 49. Kc6 h5 50. Re4 h4 51. Re7+ Kg8 52. Kxb6 h3 53. Re8+ Kg7 54. Re7+ Kh6 55. Ne3 h2 56. Ng4+ Kg5 57. Nxh2 Bxh2 58. Kxc5 Bd6+ 0-1

[Event "Florianopolis op 9th"]
[Site "Florianopolis"]
[Date "2023.01.24"]
[Round "3"]
[White "Cheres, Beatriz Fernanda Sa"]
[Black "Nobre, Jailson Altair Barb"]
[Result "0-1"]
[WhiteElo "1312"]
[BlackElo "1669"]
[PlyCount "72"]
[EventDate "2023.01.23"]
[EventType "swiss"]
[EventRounds "10"]
[EventCountry "BRA"]
[SourceTitle "CBM 212 Extra"]
[Source "ChessBase"]
[SourceDate "2023.03.31"]
[SourceVersion "1"]
[SourceVersionDate "2023.03.31"]
[SourceQuality "1"]

1. e4 c5 2. Nf3 e6 3. d4 cxd4 4. Nxd4 a6 5. Bd3 Nf6 6. Bg5 Be7 7. 0-0 d6 8. Nc3 h6 9. Bh4 Nc6 10. Nf3 0-0 11. Qe2 Qc7 12. Rfe1 b5 13. e5 dxe5 14. Nxe5 Nxe5 15. Qxe5 Qxe5 16. Rxe5 Bb7 17. Re3 Bc5 18. Re2 Nd5 19. Nxd5 Bxd5 20. Be4 Bxe4 21. Rxe4 Rac8 22. c3 Rfe8 23. Rd1 f5 24. Re5 g5 25. Bxg5 hxg5 26. Rde1 Kf7 27. g4 Bd6 28. R5e3 Bf4 29. Rh3 fxg4 30. Rh7+ Kg6 31. Ra7 Rc6 32. Rd1 Kf6 33. Kg2 Re7 34. Ra8 Rh7 35. Rh1 Rd6 36. a3 e5 0-1

[Event "Niteroi op 2nd"]
[Site "Niteroi"]
[Date "2022.09.04"]
[Round "5"]
[White "De Freitas, Isabella Ribeiro Co"]
[Black "Nobre, Jailson Altair Barb"]
[Result "0-1"]
[WhiteElo "1888"]
[BlackElo "1648"]
[PlyCount "98"]
[EventDate "2022.09.01"]
[EventType "swiss"]
[EventRounds "9"]
[EventCountry "BRA"]
[SourceTitle "CBM 210 Extra"]
[Source "ChessBase"]
[SourceDate "2022.11.30"]
[SourceVersion "1"]
[SourceVersionDate "2022.11.30"]
[SourceQuality "1"]

1. e4 c5 2. Nf3 e6 3. Nc3 a6 4. d4 cxd4 5. Nxd4 Qc7 6. Bd3 Nf6 7. f4 Bb4 8. Bd2 Bxc3 9. bxc3 d6 10. 0-0 Nc6 11. Qf3 e5 12. Nf5 Bxf5 13. exf5 0-0 14. fxe5 Nxe5 15. Qg3 Qc5+ 16. Kh1 Kh8 17. Qh4 Rfe8 18. Bg5 Ned7 19. Rab1 b5 20. Rf3 Qxc3 21. Be4 Nxe4 22. Rxc3 Nxc3 23. Re1 f6 24. Bd2 Na4 25. Qh5 Ne5 26. Bb4 Nc5 27. h3 Rec8 28. Qd1 a5 29. Ba3 b4 30. Bc1 Rc6 31. Qd5 Rac8 32. Bf4 Ncd7 33. Re2 Nc5 34. Kh2 a4 35. Rd2 h6 36. Qd4 b3 37. cxb3 axb3 38. Bxe5 dxe5 39. Qg4 bxa2 40. Rxa2 Nd3 41. Ra7 R6c7 42. Ra6 Nf4 43. Ra4 Rc4 44. Rxc4 Rxc4 45. Qd1 Rd4 46. Qc1 Kh7 47. g3 Nd5 48. Qb2 Ne3 49. g4 Rd2+ 0-1

[Event "Niteroi op 2nd"]
[Site "Niteroi"]
[Date "2022.09.03"]
[Round "4"]
[White "Nobre, Jailson Altair Barb"]
[Black "Da Silva Mendes, Manoel Gustavo"]
[Result "1-0"]
[WhiteElo "1648"]
[BlackElo "1798"]
[PlyCount "61"]
[EventDate "2022.09.01"]
[EventType "swiss"]
[EventRounds "9"]
[EventCountry "BRA"]
[SourceTitle "CBM 210 Extra"]
[Source "ChessBase"]
[SourceDate "2022.11.30"]
[SourceVersion "1"]
[SourceVersionDate "2022.11.30"]
[SourceQuality "1"]

1. Nf3 Nf6 2. c4 g6 3. b4 Bg7 4. Bb2 0-0 5. g3 c6 6. Bg2 d5 7. Qc2 Bf5 8. d3 Na6 9. a3 Qd7 10. Nd4 Bh3 11. 0-0 Rfe8 12. Nd2 Bxg2 13. Kxg2 e5 14. N4b3 Rad8 15. e4 Nh5 16. f3 f5 17. Rac1 Qe7 18. cxd5 cxd5 19. b5 Nb8 20. Qc5 Qg5 21. exd5 Nf4+ 22. Kh1 Nxd3 23. Qxa7 Nxb2 24. Rc7 Rd7 25. d6 Rxd6 26. Rxb7 Nd7 27. Rxd7 Rxd7 28. Qxd7 Rd8 29. Qe6+ Kh8 30. b6 Qe3 31. b7 1-0

[Event "Niteroi op 2nd"]
[Site "Niteroi"]
[Date "2022.09.02"]
[Round "3"]
[White "De Siqueira, Luigy Lira"]
[Black "Nobre, Jailson Altair Barb"]
[Result "1-0"]
[WhiteElo "1969"]
[BlackElo "1648"]
[PlyCount "69"]
[EventDate "2022.09.01"]
[EventType "swiss"]
[EventRounds "9"]
[EventCountry "BRA"]
[SourceTitle "CBM 210 Extra"]
[Source "ChessBase"]
[SourceDate "2022.11.30"]
[SourceVersion "1"]
[SourceVersionDate "2022.11.30"]
[SourceQuality "1"]

1. e4 c5 2. Nf3 e6 3. d4 cxd4 4. Nxd4 a6 5. Bd3 Nf6 6. 0-0 Qc7 7. Qe2 d6 8. c4 Be7 9. Nc3 Nc6 10. Nxc6 bxc6 11. f4 e5 12. f5 0-0 13. Be3 Bb7 14. Rac1 Rfe8 15. g4 Nd7 16. g5 g6 17. Qf3 Nc5 18. Bb1 Bf8 19. b4 Nd7 20. h4 Nb6 21. Bd3 a5 22. bxa5 Rxa5 23. Rf2 Ra3 24. fxg6 fxg6 25. Bxb6 Qxb6 26. Qf7+ Kh8 27. Qxe8 Ra8 28. Qf7 Qe3 29. Ne2 Ba6 30. Rcf1 d5 31. Qf3 Bc5 32. Kg2 dxe4 33. Bxe4 Qd2 34. Bxc6 Rc8 35. Qf6+ 1-0

[Event "Niteroi op 2nd"]
[Site "Niteroi"]
[Date "2022.09.01"]
[Round "1"]
[White "Aranha Filho, Alvaro Zimmermann"]
[Black "Nobre, Jailson Altair Barb"]
[Result "1-0"]
[WhiteElo "2184"]
[BlackElo "1648"]
[PlyCount "49"]
[EventDate "2022.09.01"]
[EventType "swiss"]
[EventRounds "9"]
[EventCountry "BRA"]
[SourceTitle "CBM 210 Extra"]
[Source "ChessBase"]
[SourceDate "2022.11.30"]
[SourceVersion "1"]
[SourceVersionDate "2022.11.30"]
[SourceQuality "1"]

1. Nf3 d5 2. d4 e6 3. Bf4 Nf6 4. e3 Nbd7 5. Bd3 c5 6. c3 Qb6 7. Qc2 c4 8. Be2 Ne4 9. Nbd2 Ndf6 10. 0-0 Bd6 11. Bxd6 Qxd6 12. Nxe4 Nxe4 13. Bxc4 Bd7 14. Bd3 Nf6 15. Ne5 0-0 16. e4 h6 17. Nxd7 Qxd7 18. e5 Ne8 19. f4 Nc7 20. f5 exf5 21. Bxf5 Ne6 22. Qe2 Qc6 23. Bd3 a6 24. Qg4 b5 25. Rf6 1-0